000 00227nam a2200097Ia 4500
008 190216s9999||||xx |||||||||||||| ||und||
100 _aHemachandran
245 0 _aVaithutha Technology
260 _bKerala Basha Inst
942 _cBK
999 _c37698
_d37698